000 01089nam a22002657a 4500
005 20101206113148.0
008 101206t xxu||||| |||| 00| 0 hin d
010 _aHIN-93321
020 _c115.00
_a9788179878019
035 _aHN-65667
037 _bDBAD/PUB
040 _aDPL
_bHN
082 _a
100 _924598
_aत्यागी, प्रभात
245 _aदीप जलते रहे /
_cप्रभात त्यागी
260 _aनई दिल्ली
_bविश्व विजय
_c2010
270 _bनई दिल्ली
_aएम-12, कनाट सरकस
_e110001
_k91-011-23416313
300 _a288पृ.
_c22सेमी (अजिल्द)
650 _91169
_aहिन्दी कथा साहित्य
650 _929580
_aHindi Novel
700 _924599
700 _924924
942 _2ddc
_cHN
_mत्यागीप्र
_h
999 _c54111
_d54111